Touch football /

Bibliographic Details
Main Author: Grombach, John V.
Format: Book
Language:English
Published: New York : A. S. Barnes, [1942]
Series:Barnes dollar sports library.
Subjects:

MARC

Tag First Indicator Second Indicator Subfields
LEADER 00000cam a2200000 4500
001 in00000026304
005 20151007061228.0
008 750912s1942 nyua 00010 eng
010 |a  42023932  
035 |a (OCoLC)01621295 
035 |9 AAD1498AM 
040 |a DLC  |c ICU  |d OCL  |d TXA  |d UtOrBLW 
049 |a TXAM  |c [116273] 
050 0 0 |a GV952  |b .G7 
082 0 |a 796.33 
092 |a 796.33  |b G875t 
100 1 |a Grombach, John V. 
245 1 0 |a Touch football /  |c by John V. Grombach. 
264 1 |a New York :  |b A. S. Barnes,  |c [1942] 
300 |a 6 pages, ., 82 pages :  |b illustrations, diagrams ;  |c 24 cm. 
336 |a text  |b txt  |2 rdacontent 
337 |a unmediated  |b n  |2 rdamedia 
338 |a volume  |b nc  |2 rdacarrier 
490 1 |a The Barnes Dollar sports library 
650 0 |a Touch football. 
830 0 |a Barnes dollar sports library. 
999 |a MARS 
999 f f |s 7f1e1f1c-ec8c-3abd-8b23-58e3b3815023  |i dc19fb65-e15f-3180-8c31-ea10f7fb9419  |t 0 
952 f f |p ric  |a Texas A&M University  |b Rellis Campus  |c Joint Library Facility  |d Remote Storage  |t 0  |e GV952 .G7  |h Library of Congress classification  |i unmediated -- volume  |m A14801184422 
998 f f |a GV952 .G7  |t 0  |l Remote Storage